000 00656cab a2200217 4500
001 ABS42519
008 090401t1990 xxu||||| |||| 00| 0 eng d
035 _a(Sirsi) u37414
041 _aeng
100 _aThompson, V.
245 _aFinding an EC partner
260 _c1990
350 _a0
490 _aSingle Market Monitor
_v2(6) March 1990, 43(1)
520 _aAnalyses how to set up a joint venture with European companies looking at the objectives, which country to choose and how to make the investment .
650 _aINTERFFACE 92
650 _aSPRINT PROGRAMME
690 _aEUROPE-SINGLE MARKET
942 _n0
948 _c04/03/1997
999 _c24187
_d24187